Estadísticas para Países más Costosos

Haz click aquí para intentar la prueba.

Estadísticas generales

  • Esta prueba ha sido intentada 2.778 veces
    (1.605 desde el último reinicio)
  • La puntuación promedio es 11 de 20

Estadísticas de respuestas

ProporciónPaís% Correcto
1.04Noruega
84%
0.98Suecia
84%
1.25Suiza
82%
1.04Finlandia
81%
1.03Australia
76%
1.12Dinamarca
75%
1.00Estados Unidos
74%
1.22Islandia
70%
1.02Nueva Zelanda
69%
1.04Luxemburgo
67%
0.96Austria
61%
1.01Bahamas
35%
1.04Tuvalu
30%
1.03Islas Salomón
28%
1.08Israel
28%
1.02Islas Marshall
27%
1.10Vanuatu
27%
0.96Barbados
26%
1.04Estados Federados
de Micronesia
26%
1.08Palaos
24%

Distribución de puntuación

Porcentaje por número respondido

Porcentaje de gente con cada puntuación

Historial de tus puntuaciones

No has intentado esta prueba desde el último reinicio